000 00518nam a2200145 4500
999 _c10363
_d10363
008 180823b ||||| |||| 00| 0 eng d
022 _a16565649
082 _aDPer 303.405 H22 June -Sept 2016 v.12 n. 7-10
100 _930488
_aPante, Jonnah Lynne.
245 _aSupremo 1 wifi action camera:
_baverage challenger/
_cJonnah Lynne Pante.
260 _aQuezon City:
_bHardware Zone Phils. Corp.,
_c©June -Sept 2016.
300 _av12 n7, page 48:
_billustrations;
_c28 cm.
650 0 _930489
_aCameras
942 _2ddc
_cPER